01003nam a2200217 a 450000100100000000500170001000800410002702000180006804000250008608200150011110000520012624500730017826000370025130000270028850000630031550400300037895201280040895201130053695201190064999900170076800004486020240704133524.0150114s2010 dr a 000 0 spa d a9789945409062 aDO-SdBNPbspacBNPHU axxxxbxxxx1 aMartínez Fernández, Héctor,d1949-91954110aNerón :b20 siglos de infamias /cHéctor Martínez Fernández. aSanto Domingo :bConadex,c2010. a46 p. :bil. ;c22 cm. aIncluye datos biográficos del autor en la contracubierta aBibliografía : p. 45-46 001054708DSaGRbGRcCTd2015-01-14iLF1l0oxxxx xxxxp44860-30r2020-06-25te. 3w2020-06-25yLFDSZPréstamo en sala 0010718PDaPDbPDcCTd2015-01-14iLF1l0oxxxx xxxxp44860-10r2020-06-25w2020-06-25yLFPDZNo se presta 0010718PDaPDbPDcCTd2015-01-14iLF1l0oxxxx xxxxp44860-20r2020-06-25te. 2w2020-06-25yLFPDZNo se presta c44349d44349